Normal view MARC view
  • Pineda del Valle, César,

Entry Nombre Personal

Number of records used in: 1

001 - NUMERO DE CONTROL

  • campo de control: 34492

003 - IDENTIFICADOR DE NUMERO DE CONTROL

  • campo de control: UPN

005 - FECHA Y HORA DE LA ÜLTIMA TRANSACCIÓN

  • campo de control: 20210219194453.0

008 - DATOS DE LONGITUD FIJA

  • campo de control de longitud fija: nabaccnnaabn|||||||||| b |nc|||||d

035 ## - NUMERO DE CONTROL

  • Número de control: UPN11000006599

040 ## - FUENTE DE CATALOGACIÓN

  • Lenguaje de catalogación: SPA
  • Agencia de transcripción: UPN

053 #4 - NÚMERO DE CLASIFICACIÓN LC

  • Número de clasificación elemento-número único o número inicial de tramo: PQ7298.26 I5

100 1# - ENCABEZAMIENTO - NOMBRE PERSONAL

  • Nombre personal: Pineda del Valle, César,
  • Fechas asociadas con el nombre: 1932-2004

670 ## - FUENTE EN LA QUE SE LOCALIZARON DATOS

  • Cita de la fuente: T
  • Uniform Resource Identifier: http://cronistasdechiapas.org/index.php?option=com_content&task=view&id=45&Itemid=26

680 ## - NOTA PUBLICA DE ACCESO PÚBLICO

  • Frase explicativa de la referencia: Historiador, cuentista, periodista, ensayista y poeta mexicano

902 ## - CATALOGADOR

  • Catalogador: CAA/021213